L'or au temps de Charles-Quint et de Philippe II / (Record no. 105840)

MARC details
000 -LEADER
campo de control de longitud fija 01036nam a2200277 i 4500
001 - NÚMERO DE CONTROL
campo de control 105840
003 - IDENTIFICADOR DE NÚMERO DE CONTROL
campo de control ES-MaACL
005 - FECHA Y HORA DE LA ÚLTIMA TRANSACCIÓN
campo de control 20230906184005.0
007 - CAMPO FIJO DE DESCRIPCIÓN FÍSICA--INFORMACIÓN GENERAL
campo de control de longitud fija t|
008 - DATOS DE LONGITUD FIJA--INFORMACIÓN GENERAL
campo de control de longitud fija 060901s1943 fr ||||1| fre d
080 ## - NÚMERO DE LA CLASIFICACIÓN DECIMAL UNIVERSAL
Número de la Clasificación Decimal Universal 946.0"1517/56"
080 ## - NÚMERO DE LA CLASIFICACIÓN DECIMAL UNIVERSAL
Número de la Clasificación Decimal Universal 946.0"1556/98"
100 1# - ENTRADA PRINCIPAL--NOMBRE DE PERSONA
Nombre de persona Jouvenel, Bertrand de.
9 (RLIN) 67041
245 12 - MENCIÓN DEL TÍTULO
Título L'or au temps de Charles-Quint et de Philippe II /
Mención de responsabilidad, etc. par Bertrand de Jouvenel ; suivi de Quelques essais et mises au point par Louis de Gibourne ... [et al.].
260 ## - PUBLICACIÓN, DISTRIBUCIÓN, ETC.
Lugar de publicación, distribución, etc. Paris :
Nombre del editor, distribuidor, etc. Sequana,
Fecha de publicación, distribución, etc. [1943]
300 ## - DESCRIPCIÓN FÍSICA
Extensión 188 p. ;
Dimensiones 19 cm.
490 1# - MENCIÓN DE SERIE
Mención de serie Hier et demain ;
Designación de volumen o secuencia 5
500 ## - NOTA GENERAL
Nota general Biblioteca Juan Andrade.
651 #4 - PUNTO DE ACCESO ADICIONAL DE MATERIA--NOMBRE GEOGRÁFICO
Nombre geográfico España-
Subdivisión general Historia-
Subdivisión cronológica 1516-1556, Carlos I.
9 (RLIN) 8224
651 #4 - PUNTO DE ACCESO ADICIONAL DE MATERIA--NOMBRE GEOGRÁFICO
Nombre geográfico España-
Subdivisión general Historia-
Subdivisión cronológica 1516-1556, Carlos I-
Subdivisión general Aspectos económicos.
9 (RLIN) 8225
651 #4 - PUNTO DE ACCESO ADICIONAL DE MATERIA--NOMBRE GEOGRÁFICO
Nombre geográfico España-
Subdivisión general Historia-
Subdivisión cronológica 1556-1598, Felipe II-
Subdivisión general Aspectos económicos.
9 (RLIN) 8219
700 1# - ENTRADA AGREGADA--NOMBRE PERSONAL
Nombre de persona Gibourne, Louis de.
9 (RLIN) 56657
830 0# - PUNTO DE ACCESO ADICIONAL DE SERIE-TÍTULO UNIFORME
Título uniforme Hier et demain ;
Designación de volumen o secuencia 5
9 (RLIN) 232776
852 ## - LOCALIZACIÓN
Ubicación ES-MaACL
Número de control de estantería AND-661
Sublocalización o colección R.109958
Holdings
Estatus retirado Estado de pérdida Estado de daño No para préstamo Biblioteca de origen Biblioteca actual Ubicación en estantería Fecha de adquisición Fuente de adquisición Total de préstamos Signatura topográfica completa Código de barras Visto por última vez Precio de reemplazo Tipo de ítem Koha
        Biblioteca del Ateneo de Madrid Biblioteca del Ateneo de Madrid Depósito 2 17/01/2008     AND-661 1110498 23/02/2023 23/02/2023 Libro impreso